Under-21 Top 50 Most Valuable Football Players 2024 - Statistics

General Stats
  • This quiz has been taken 76 times
  • The average score is 32 of 50
Answer Stats
Rank Nation Value Club Position Answer % Correct
1 England €180m Real Madrid FW Jude Bellingham
100%
2 Spain €150m Barcelona FW Lamine Yamal
100%
4 Germany €130m Bayern Munich FW Jamal Musiala
98%
3 Germany €130m Bayer Leverkusen FW Florian Wirtz
97%
6 Spain €90m Barcelona MID Gavi
95%
5 France €100m Real Madrid MID Eduardo Camavinga
94%
7 Spain €80m Barcelona MID Pedri
94%
8 Netherlands €80m RB Leipzig FW Xavi Simons
94%
15 Argentina €50m Manchester United FW Alejandro Garnacho
92%
10 Brazil €60m Real Madrid FW Endrick
91%
21 Turkey €45m Real Madrid FW Arda Güler
86%
9 Denmark €65m Manchester United FW Rasmus Højlund
86%
14 England €55m Manchester United MID Kobbie Mainoo
82%
17 Brazil €50m Manchester City FW Savinho
82%
11 France €60m Paris Saint-Germain MID Warren Zaïre-Emery
82%
12 Portugal €60m Paris Saint-Germain MID João Neves
77%
13 France €55m Manchester United DEF Leny Yoro
77%
19 Slovenia €50m RB Leipzig FW Benjamin Šeško
72%
28 Spain €40m Barcelona DEF Pau Cubarsí
72%
32 England €40m Manchester City DEF Rico Lewis
69%
16 Germany €50m Bayern Munich MID Aleksandar Pavlović
68%
22 Ireland €45m Brighton & Hove Albion FW Evan Ferguson
66%
34 Spain €40m Barcelona DEF Alejandro Balde
65%
30 Turkey €40m Juventus FW Kenan Yıldız
62%
38 Colombia €35m Aston Villa FW Jhon Durán
60%
20 England €50m Chelsea DEF Levi Colwill
60%
25 Italy €45m Tottenham Hotspur DEF Destiny Udogie
58%
18 Spain €50m Barcelona MID Fermín López
58%
31 France €40m Bayern Munich FW Mathys Tel
58%
37 England €35m Borussia Dortmund FW Jamie Gittens
55%
39 Belgium €35m Chelsea MID Roméo Lavia
54%
33 Portugal €40m Benfica DEF António Silva
52%
41 England €35m Liverpool MID Harvey Elliott
52%
40 France €35m Chelsea DEF Malo Gusto
52%
29 France €40m Paris Saint-Germain FW Désiré Doué
51%
24 Belgium €45m PSV Eindhoven FW Johan Bakayoko
46%
47 England €30m Crystal Palace MID Adam Wharton
43%
35 France €40m RB Leipzig DEF Castello Lukeba
43%
26 Brazil €40m Palmeiras FW Estêvão
43%
23 Italy €45m Atalanta DEF Giorgio Scalvini
42%
45 Brazil €30m Paris Saint-Germain DEF Lucas Beraldo
42%
46 Spain €30m Atlético Madrid MID Pablo Barrios
40%
42 England €35m Newcastle United DEF Tino Livramento
38%
48 France €30m Olympique Marseille FW Elye Wahi
37%
27 Ivory Coast €40m Sporting CP DEF Ousmane Diomande
37%
43 Brazil €30m Real Betis FW Vitor Roque
34%
44 Netherlands €30m Ajax DEF Jorrel Hato
32%
36 Spain €35m Porto FW Samu Omorodion
28%
49 Morocco €30m Leicester City FW Bilal El Khannouss
25%
50 Spain €30m Valencia DEF Cristhian Mosquera
20%
No matching quizzes found
Score Distribution
Percent of People with Each Score
Percentile by Number Answered
Your Score History
You have not taken this quiz